Länder, die Deutschland am Nächsten Liegen - Statistiken

Allgemein
  • Dieses Quiz wurde 2.332 mal gespielt
    2.316 seit der letzten Aktualisierung
  • Das Durchschnittsergebnis liegt bei 18 aus 20
Antwortstatistiken
Km Land % Korrekt
0 Frankreich
99%
0 Österreich
99%
0 Polen
99%
0 Schweiz
99%
0 Belgien
98%
0 Dänemark
98%
0 Niederlande
98%
45 Italien
97%
0 Luxemburg
97%
0 Tschechien
96%
72 Schweden
92%
224 Slowakei
89%
327 Norwegen
88%
221 Ungarn
88%
118 Slowenien
87%
33 Liechtenstein
84%
222 Kroatien
83%
295 Vereinigtes Königreich
70%
331 Bosnien und Herzegowina
66%
357 Russland
62%
Keine übereinstimmenden Quizze gefunden
Verteilung der Resultate
Anzahl Personen mit jedem Resultat
Perzentil nach korrekt beantworteten Fragen
Ihre Resultats-Entwicklung
Sie haben dieses Quiz seit der letzten Aktualisierung nicht gespielt